[Event "RUS-ch Blitz 2021"]
[Site "Sochi"]
[Date "2021.10.11"]
[Round "6.19"]
[White "Nazaretyan, Tigran"]
[Black "Nozdrachev, Vladislav"]
[Result "1-0"]
[WhiteElo "2316"]
[BlackElo "2495"]
[Annotator "ChessBase"]
[PlyCount "87"]
[EventDate "2021.10.11"]
[EventType "blitz"]
[EventCountry "RUS"]
[SourceTitle "playchess.com"]
[Source "ChessBase"]
[SourceQuality "1"]
[TimeControl "180+2"]

1. d4 {[%emt 0:00:04]} Nf6 {[%emt 0:00:00]} 2. c4 {[%emt 0:00:09]} e6 {[%emt 0:
00:00]} 3. Nf3 {[%emt 0:00:00]} c5 {[%emt 0:00:00]} 4. e3 {[%emt 0:00:00]} b6 {
[%emt 0:00:19]} 5. Nc3 {[%emt 0:00:02]} Bb7 {[%emt 0:00:00]} 6. d5 {[%emt 0:00:
00]} g6 {[%emt 0:00:02]} 7. e4 {[%emt 0:00:02]} exd5 {[%emt 0:00:37]} 8. cxd5 {
[%emt 0:00:00]} d6 {[%emt 0:00:02]} 9. Bd3 {[%emt 0:00:11]} Bg7 {[%emt 0:00:03]
} 10. O-O {[%emt 0:00:05]} O-O {[%emt 0:00:00]} 11. h3 {[%emt 0:00:00]} a6 {
[%emt 0:00:07]} 12. a4 {[%emt 0:00:00]} Qc7 {[%emt 0:00:03]} 13. Bf4 {[%emt 0:
00:06]} Nbd7 {[%emt 0:00:05]} 14. Re1 {[%emt 0:00:00]} Rfe8 {[%emt 0:00:01]}
15. Bc4 {[%emt 0:00:00]} h6 {[%emt 0:00:49]} 16. Qd2 {[%emt 0:00:17]} g5 {
[%emt 0:00:02]} 17. Bh2 {[%emt 0:00:08]} Nh7 {[%emt 0:00:08]} 18. Re2 {[%emt 0:
00:13]} Nhf8 {[%emt 0:00:00]} 19. Rae1 {[%emt 0:00:04]} Ng6 {[%emt 0:00:00]}
20. Bg3 {[%emt 0:00:11]} Nde5 {[%emt 0:00:06]} 21. Nxe5 {[%emt 0:00:12]} Nxe5 {
[%emt 0:00:00]} 22. b3 {[%emt 0:00:02]} Ng6 {[%emt 0:00:08]} 23. Nd1 {[%emt 0:
00:09]} Qd7 {[%emt 0:00:00]} 24. Nc3 {[%emt 0:00:11]} Rab8 {[%emt 0:00:08]} 25.
Qd3 {[%emt 0:00:03]} Ne5 {[%emt 0:00:00]} 26. Qd2 {[%emt 0:00:00]} Bc8 {
[%emt 0:00:05]} 27. f4 {[%emt 0:00:06]} gxf4 {[%emt 0:00:00]} 28. Bxf4 {
[%emt 0:00:00]} b5 {[%emt 0:00:04]} 29. axb5 {[%emt 0:00:18]} axb5 {[%emt 0:00:
01]} 30. Bd3 {[%emt 0:00:08]} c4 {[%emt 0:00:11]} 31. bxc4 {[%emt 0:00:06]}
bxc4 {[%emt 0:00:00]} 32. Bc2 {[%emt 0:00:03]} Qa7+ {[%emt 0:00:16]} 33. Kh1 {
[%emt 0:00:04]} Kh7 {[%emt 0:00:04]} 34. Rf1 {[%emt 0:00:11]} Rb2 {[%emt 0:00:
03]} 35. Qc1 {[%emt 0:00:07]} Qb7 {[%emt 0:00:04]} 36. Ref2 {[%emt 0:00:11]}
Nd3 {[%emt 0:00:11]} 37. Bxd3 {[%emt 0:00:09]} Rxf2 {[%emt 0:00:03]} 38. Rxf2 {
[%emt 0:00:07]} cxd3 {[%emt 0:00:00]} 39. Bxd6 {[%emt 0:00:03]} Qb3 {[%emt 0:
00:14]} 40. Rxf7 {[%emt 0:00:06]} Kg8 {[%emt 0:00:00]} 41. Rc7 {[%emt 0:00:10]}
Qc2 {[%emt 0:00:06]} 42. Qe3 {[%emt 0:00:05]} Bxc3 {[%emt 0:00:11]} 43. Qxh6 {
[%emt 0:00:07]} Qd1+ {[%emt 0:00:13]} 44. Kh2 {[%emt 0:00:05]} 1-0

[Event "RUS-ch Blitz 2021"]
[Site "Sochi"]
[Date "2021.10.11"]
[Round "6.20"]
[White "Murzin, Volodar"]
[Black "Babanin, Gleb"]
[Result "1-0"]
[WhiteElo "2513"]
[BlackElo "2094"]
[Annotator "ChessBase"]
[PlyCount "61"]
[EventDate "2021.10.11"]
[EventType "blitz"]
[EventCountry "RUS"]
[SourceTitle "playchess.com"]
[Source "ChessBase"]
[SourceQuality "1"]
[TimeControl "180+2"]

1. e4 {[%emt 0:00:00]} c5 {[%emt 0:00:04]} 2. Nf3 {[%emt 0:00:03]} d6 {[%emt 0:
00:00]} 3. Bb5+ {[%emt 0:00:00]} Bd7 {[%emt 0:00:06]} 4. Bxd7+ {[%emt 0:00:03]}
Qxd7 {[%emt 0:00:00]} 5. O-O {[%emt 0:00:00]} Nc6 {[%emt 0:00:01]} 6. c3 {
[%emt 0:00:00]} d5 {[%emt 0:00:00]} 7. e5 {[%emt 0:00:51]} e6 {[%emt 0:00:00]}
8. d3 {[%emt 0:00:00]} Nge7 {[%emt 0:00:00]} 9. Re1 {[%emt 0:00:00]} Nf5 {
[%emt 0:00:24]} 10. Nbd2 {[%emt 0:00:00]} Be7 {[%emt 0:00:00]} 11. Nf1 {
[%emt 0:00:00]} d4 {[%emt 0:00:13]} 12. c4 {[%emt 0:00:00]} h6 {[%emt 0:00:17]}
13. Ng3 {[%emt 0:00:25]} Nxg3 {[%emt 0:00:00]} 14. hxg3 {[%emt 0:00:00]} a6 {
[%emt 0:01:08]} 15. a4 {[%emt 0:00:00]} Bd8 {[%emt 0:00:00]} 16. Re4 {[%emt 0:
00:00]} Bc7 {[%emt 0:00:00]} 17. Qe2 {[%emt 0:00:00]} Rb8 {[%emt 0:00:00]} 18.
Rg4 {[%emt 0:00:55]} g6 {[%emt 0:00:00]} 19. Rh4 {[%emt 0:01:21]} h5 {[%emt 0:
00:00]} 20. g4 {[%emt 0:00:00]} b5 {[%emt 0:00:00]} 21. axb5 {[%emt 0:00:00]}
axb5 {[%emt 0:00:00]} 22. cxb5 {[%emt 0:00:00]} Rxb5 {[%emt 0:00:00]} 23. Bg5 {
[%emt 0:00:00]} Bd8 {[%emt 0:00:00]} 24. gxh5 {[%emt 0:00:00]} Rxh5 {[%emt 0:
00:00]} 25. Rxh5 {[%emt 0:00:00]} gxh5 {[%emt 0:00:00]} 26. Bxd8 {[%emt 0:00:
00]} Qxd8 {[%emt 0:00:00]} 27. Qe4 {[%emt 0:00:00]} Qd5 {[%emt 0:00:00]} 28.
Qh7 {[%emt 0:00:00]} Rxb2 {[%emt 0:00:00]} 29. Ra8+ {[%emt 0:00:00]} Kd7 {
[%emt 0:00:00]} 30. Qxf7+ {[%emt 0:00:00]} Ne7 {[%emt 0:00:00]} 31. Qe8+ {
[%emt 0:00:24]} 1-0

[Event "RUS-ch Blitz 2021"]
[Site "Sochi"]
[Date "2021.10.11"]
[Round "6.21"]
[White "Indzhiev, Aldar"]
[Black "Moiseenko, Vadim"]
[Result "0-1"]
[WhiteElo "2101"]
[BlackElo "2542"]
[Annotator "ChessBase"]
[PlyCount "60"]
[EventDate "2021.10.11"]
[EventType "blitz"]
[EventCountry "RUS"]
[SourceTitle "playchess.com"]
[Source "ChessBase"]
[SourceQuality "1"]
[TimeControl "180+2"]

1. d4 {[%emt 0:00:00]} d6 {[%emt 0:00:04]} 2. e4 {[%emt 0:00:02]} Nf6 {[%emt 0:
00:00]} 3. Nc3 {[%emt 0:00:00]} e5 {[%emt 0:00:06]} 4. Nf3 {[%emt 0:00:01]}
Nbd7 {[%emt 0:00:00]} 5. Bc4 {[%emt 0:00:00]} Be7 {[%emt 0:00:02]} 6. O-O {
[%emt 0:00:10]} c6 {[%emt 0:00:00]} 7. Re1 {[%emt 0:00:16]} h6 {[%emt 0:00:02]}
8. Bf1 {[%emt 0:00:07]} Qc7 {[%emt 0:00:13]} 9. a4 {[%emt 0:00:00]} a5 {
[%emt 0:00:00]} 10. h3 {[%emt 0:00:05]} Nf8 {[%emt 0:00:05]} 11. Be3 {[%emt 0:
00:10]} g5 {[%emt 0:00:15]} 12. Nh2 {[%emt 0:00:20]} Ng6 {[%emt 0:00:02]} 13.
dxe5 {[%emt 0:00:16]} dxe5 {[%emt 0:00:07]} 14. Bc4 {[%emt 0:00:05]} Nf4 {
[%emt 0:00:15]} 15. Bxf4 {[%emt 0:00:17]} gxf4 {[%emt 0:00:03]} 16. Kh1 {
[%emt 0:00:07]} Bc5 {[%emt 0:00:04]} 17. Qf3 {[%emt 0:00:05]} h5 {[%emt 0:00:
06]} 18. Bb3 {[%emt 0:00:31]} Bg4 {[%emt 0:00:12]} 19. Qd3 {[%emt 0:00:22]}
Bxf2 {[%emt 0:00:05]} 20. Rf1 {[%emt 0:00:12]} Rd8 {[%emt 0:00:09]} 21. Qc4 {
[%emt 0:00:07]} Bb6 {[%emt 0:00:07]} 22. Nf3 {[%emt 0:00:18]} Rg8 {[%emt 0:00:
22]} 23. Nxe5 {[%emt 0:00:06]} Be6 {[%emt 0:00:00]} 24. Qe2 {[%emt 0:00:09]}
Qxe5 {[%emt 0:00:06]} 25. Rad1 {[%emt 0:00:00]} Ke7 {[%emt 0:00:37]} 26. Bxe6 {
[%emt 0:00:01]} fxe6 {[%emt 0:00:00]} 27. Qf3 {[%emt 0:00:00]} Rxd1 {[%emt 0:
00:00]} 28. Rxd1 {[%emt 0:00:00]} Rg3 {[%emt 0:00:00]} 29. Qf1 {[%emt 0:00:00]}
f3 {[%emt 0:00:00]} 30. gxf3 {[%emt 0:00:05]} Rg1+ {[%emt 0:00:00]} 0-1

[Event "RUS-ch Blitz 2021"]
[Site "Sochi"]
[Date "2021.10.11"]
[Round "6.22"]
[White "Potapov, Pavel"]
[Black "Averin, Nikolay"]
[Result "0-1"]
[WhiteElo "2481"]
[BlackElo "2129"]
[Annotator "ChessBase"]
[PlyCount "136"]
[EventDate "2021.10.11"]
[EventType "blitz"]
[EventCountry "RUS"]
[SourceTitle "playchess.com"]
[Source "ChessBase"]
[SourceQuality "1"]
[TimeControl "180+2"]

1. e4 {[%emt 0:00:02]} Nf6 {[%emt 0:00:02]} 2. e5 {[%emt 0:00:00]} Nd5 {
[%emt 0:00:00]} 3. Nf3 {[%emt 0:00:08]} d6 {[%emt 0:00:01]} 4. d4 {[%emt 0:00:
00]} g6 {[%emt 0:00:00]} 5. c4 {[%emt 0:00:00]} Nb6 {[%emt 0:00:04]} 6. Nc3 {
[%emt 0:00:01]} Bg7 {[%emt 0:00:00]} 7. exd6 {[%emt 0:00:05]} cxd6 {[%emt 0:00:
00]} 8. Be3 {[%emt 0:00:00]} O-O {[%emt 0:00:03]} 9. Be2 {[%emt 0:00:01]} Bg4 {
[%emt 0:00:01]} 10. O-O {[%emt 0:00:09]} Nc6 {[%emt 0:00:02]} 11. b3 {[%emt 0:
00:06]} d5 {[%emt 0:00:00]} 12. c5 {[%emt 0:00:08]} Nc8 {[%emt 0:00:00]} 13. h3
{[%emt 0:00:12]} Bxf3 {[%emt 0:00:04]} 14. Bxf3 {[%emt 0:00:01]} e6 {[%emt 0:
00:00]} 15. Rb1 {[%emt 0:00:15]} N8e7 {[%emt 0:00:04]} 16. Ne2 {[%emt 0:00:40]}
Nf5 {[%emt 0:00:04]} 17. Qd2 {[%emt 0:00:09]} Nh4 {[%emt 0:00:24]} 18. Bg4 {
[%emt 0:00:16]} h5 {[%emt 0:00:00]} 19. Bg5 {[%emt 0:00:03]} Bf6 {[%emt 0:00:
07]} 20. Bxh4 {[%emt 0:00:01]} Bxh4 {[%emt 0:00:00]} 21. Bf3 {[%emt 0:00:06]}
b5 {[%emt 0:01:00]} 22. b4 {[%emt 0:00:15]} Bf6 {[%emt 0:00:23]} 23. Rfd1 {
[%emt 0:00:05]} a5 {[%emt 0:00:22]} 24. bxa5 {[%emt 0:00:12]} Rxa5 {[%emt 0:00:
15]} 25. Qb2 {[%emt 0:00:11]} Qa8 {[%emt 0:00:05]} 26. Rd2 {[%emt 0:00:15]} b4
{[%emt 0:00:00]} 27. Nc1 {[%emt 0:00:02]} Rxc5 {[%emt 0:00:06]} 28. Nb3 {
[%emt 0:00:06]} Rc3 {[%emt 0:00:05]} 29. Rc1 {[%emt 0:00:03]} Rxc1+ {[%emt 0:
00:08]} 30. Qxc1 {[%emt 0:00:00]} Rc8 {[%emt 0:00:02]} 31. Rc2 {[%emt 0:00:05]}
Na7 {[%emt 0:00:13]} 32. Rc5 {[%emt 0:00:09]} Qb8 {[%emt 0:00:14]} 33. g3 {
[%emt 0:00:07]} Kg7 {[%emt 0:00:07]} 34. Kg2 {[%emt 0:00:00]} Rxc5 {[%emt 0:00:
04]} 35. Qxc5 {[%emt 0:00:00]} Bd8 {[%emt 0:00:05]} 36. Be2 {[%emt 0:00:02]}
Qb6 {[%emt 0:00:03]} 37. Qc2 {[%emt 0:00:11]} Nc6 {[%emt 0:00:01]} 38. Qc5 {
[%emt 0:00:06]} Qxc5 {[%emt 0:00:04]} 39. dxc5 {[%emt 0:00:03]} Na7 {[%emt 0:
00:05]} 40. f4 {[%emt 0:00:00]} h4 {[%emt 0:00:00]} 41. g4 {[%emt 0:00:02]} Bc7
{[%emt 0:00:00]} 42. Kf3 {[%emt 0:00:00]} f6 {[%emt 0:00:03]} 43. Nd4 {[%emt 0:
00:04]} Kf7 {[%emt 0:00:00]} 44. Nc2 {[%emt 0:00:02]} Nc6 {[%emt 0:00:06]} 45.
Bb5 {[%emt 0:00:00]} Na7 {[%emt 0:00:02]} 46. Ba4 {[%emt 0:00:03]} Ba5 {
[%emt 0:00:00]} 47. f5 {[%emt 0:00:02]} gxf5 {[%emt 0:00:01]} 48. gxf5 {
[%emt 0:00:00]} e5 {[%emt 0:00:00]} 49. Kg4 {[%emt 0:00:01]} d4 {[%emt 0:00:02]
} 50. Kf3 {[%emt 0:00:03]} Ke7 {[%emt 0:00:02]} 51. Ke4 {[%emt 0:00:01]} Nc8 {
[%emt 0:00:03]} 52. Bb3 {[%emt 0:00:02]} Kd8 {[%emt 0:00:00]} 53. Ne1 {[%emt 0:
00:01]} Ne7 {[%emt 0:00:02]} 54. Nf3 {[%emt 0:00:01]} Kc7 {[%emt 0:00:01]} 55.
Nxh4 {[%emt 0:00:01]} Kc6 {[%emt 0:00:03]} 56. Ng6 {[%emt 0:00:01]} Nc8 {
[%emt 0:00:03]} 57. h4 {[%emt 0:00:01]} Kxc5 {[%emt 0:00:03]} 58. Be6 {[%emt 0:
00:03]} Nd6+ {[%emt 0:00:03]} 59. Kf3 {[%emt 0:00:02]} e4+ {[%emt 0:00:02]} 60.
Kf4 {[%emt 0:00:04]} d3 {[%emt 0:00:02]} 61. Ke3 {[%emt 0:00:00]} Bb6 {[%emt 0:
00:02]} 62. h5 {[%emt 0:00:01]} Kb5+ {[%emt 0:00:03]} 63. Kd2 {[%emt 0:00:02]}
Nc4+ {[%emt 0:00:01]} 64. Kd1 {[%emt 0:00:07]} e3 {[%emt 0:00:04]} 65. h6 {
[%emt 0:00:01]} Nb2+ {[%emt 0:00:00]} 66. Kc1 {[%emt 0:00:01]} d2+ {[%emt 0:00:
01]} 67. Kxb2 {[%emt 0:00:00]} d1=Q {[%emt 0:00:02]} 68. h7 {[%emt 0:00:02]}
Bd4# {[%emt 0:00:00]} 0-1

[Event "RUS-ch Blitz 2021"]
[Site "Sochi"]
[Date "2021.10.11"]
[Round "6.23"]
[White "Vetokhin, Savva"]
[Black "Zakaryan, David"]
[Result "1-0"]
[WhiteElo "2339"]
[BlackElo "2283"]
[Annotator "NA"]
[PlyCount "109"]
[EventDate "2021.10.11"]
[EventType "blitz"]
[EventCountry "RUS"]
[SourceTitle "playchess.com"]
[Source "ChessBase"]
[SourceQuality "1"]
[TimeControl "180+2"]

1. Nf3 {[%emt 0:00:00]} Nf6 {[%emt 0:00:05]} 2. g3 {[%emt 0:00:01]} g6 {
[%emt 0:00:00]} 3. Bg2 {[%emt 0:00:00]} Bg7 {[%emt 0:00:07]} 4. O-O {[%emt 0:
00:04]} O-O {[%emt 0:00:00]} 5. d4 {[%emt 0:00:00]} d5 {[%emt 0:00:00]} 6. Nbd2
{[%emt 0:00:00]} c6 {[%emt 0:00:05]} 7. c3 {[%emt 0:00:02]} Bf5 {[%emt 0:00:00]
} 8. Nh4 {[%emt 0:00:00]} Be6 {[%emt 0:00:00]} 9. e4 {[%emt 0:00:10]} dxe4 {
[%emt 0:00:00]} 10. Nxe4 {[%emt 0:00:00]} Nxe4 {[%emt 0:00:00]} 11. Bxe4 {
[%emt 0:00:02]} Bd5 {[%emt 0:00:00]} 12. Bg2 {[%emt 0:00:04]} Bxg2 {[%emt 0:00:
07]} 13. Kxg2 {[%emt 0:00:00]} Qd5+ {[%emt 0:00:13]} 14. Nf3 {[%emt 0:00:06]}
Nd7 {[%emt 0:00:00]} 15. Qe2 {[%emt 0:00:02]} e5 {[%emt 0:00:06]} 16. dxe5 {
[%emt 0:00:05]} Nxe5 {[%emt 0:00:00]} 17. Rd1 {[%emt 0:00:01]} Qc4 {[%emt 0:00:
11]} 18. Qxc4 {[%emt 0:00:15]} Nxc4 {[%emt 0:00:00]} 19. Rb1 {[%emt 0:00:15]}
b5 {[%emt 0:00:04]} 20. b3 {[%emt 0:00:06]} Nb6 {[%emt 0:00:00]} 21. Bb2 {
[%emt 0:00:00]} Rfd8 {[%emt 0:00:09]} 22. Kf1 {[%emt 0:00:11]} a5 {[%emt 0:00:
01]} 23. Rxd8+ {[%emt 0:00:25]} Rxd8 {[%emt 0:00:02]} 24. Ke2 {[%emt 0:00:02]}
Nd5 {[%emt 0:00:15]} 25. Nd4 {[%emt 0:00:32]} Bxd4 {[%emt 0:00:04]} 26. cxd4 {
[%emt 0:00:05]} Kf8 {[%emt 0:00:00]} 27. Rc1 {[%emt 0:00:01]} Re8+ {[%emt 0:00:
11]} 28. Kf3 {[%emt 0:00:00]} Re6 {[%emt 0:00:00]} 29. Ba3+ {[%emt 0:00:04]}
Ke8 {[%emt 0:00:00]} 30. Bc5 {[%emt 0:00:00]} Kd7 {[%emt 0:00:00]} 31. a4 {
[%emt 0:00:02]} b4 {[%emt 0:00:10]} 32. h3 {[%emt 0:00:06]} f5 {[%emt 0:00:07]}
33. g4 {[%emt 0:00:03]} Rf6 {[%emt 0:00:07]} 34. g5 {[%emt 0:00:02]} Re6 {
[%emt 0:00:01]} 35. Bf8 {[%emt 0:00:14]} Nc3 {[%emt 0:00:12]} 36. Bc5 {[%emt 0:
00:04]} Ne4 {[%emt 0:00:17]} 37. Rc2 {[%emt 0:00:32]} Nxg5+ {[%emt 0:00:47]}
38. Kg2 {[%emt 0:00:00]} Kc7 {[%emt 0:00:31]} 39. d5 {[%emt 0:00:00]} Re5 {
[%emt 0:00:06]} 40. Be3 {[%emt 0:00:00]} Rxd5 {[%emt 0:00:14]} 41. Bxg5 {
[%emt 0:00:05]} Rd3 {[%emt 0:00:02]} 42. Bf4+ {[%emt 0:00:00]} Kb7 {[%emt 0:00:
03]} 43. Rb2 {[%emt 0:00:05]} c5 {[%emt 0:00:00]} 44. Rc2 {[%emt 0:00:09]} c4 {
[%emt 0:00:08]} 45. Rxc4 {[%emt 0:00:00]} Rxb3 {[%emt 0:00:00]} 46. Rc5 {
[%emt 0:00:03]} Kb6 {[%emt 0:00:03]} 47. Rb5+ {[%emt 0:00:00]} Ka6 {[%emt 0:00:
02]} 48. Be3 {[%emt 0:00:01]} f4 {[%emt 0:00:01]} 49. Bxf4 {[%emt 0:00:10]} Ra3
{[%emt 0:00:02]} 50. Be3 {[%emt 0:00:01]} Ra2 {[%emt 0:00:06]} 51. Rb6+ {
[%emt 0:00:01]} Ka7 {[%emt 0:00:00]} 52. Rxb4+ {[%emt 0:00:04]} Ka6 {[%emt 0:
00:00]} 53. Rb6+ {[%emt 0:00:00]} Ka7 {[%emt 0:00:01]} 54. Rb2+ {[%emt 0:00:00]
} Ka6 {[%emt 0:00:00]} 55. Rxa2 {[%emt 0:00:04]} 1-0

[Event "RUS-ch Blitz 2021"]
[Site "Sochi"]
[Date "2021.10.11"]
[Round "6.24"]
[White "Esipenko, Aleksandr"]
[Black "Gutenev, Alexander"]
[Result "0-1"]
[WhiteElo "2087"]
[BlackElo "2455"]
[Annotator "ChessBase"]
[PlyCount "120"]
[EventDate "2021.10.11"]
[EventType "blitz"]
[EventCountry "RUS"]
[SourceTitle "playchess.com"]
[Source "ChessBase"]
[SourceQuality "1"]
[TimeControl "180+2"]

1. e4 {[%emt 0:00:00]} c5 {[%emt 0:00:05]} 2. Nf3 {[%emt 0:00:03]} Nc6 {
[%emt 0:00:00]} 3. d4 {[%emt 0:00:00]} cxd4 {[%emt 0:00:05]} 4. Nxd4 {[%emt 0:
00:03]} Nf6 {[%emt 0:00:00]} 5. Nc3 {[%emt 0:00:13]} d6 {[%emt 0:00:00]} 6. Be2
{[%emt 0:00:00]} e5 {[%emt 0:00:00]} 7. Nb3 {[%emt 0:00:00]} Be7 {[%emt 0:00:
02]} 8. O-O {[%emt 0:00:00]} a5 {[%emt 0:00:00]} 9. Be3 {[%emt 0:00:12]} O-O {
[%emt 0:00:00]} 10. Qd2 {[%emt 0:00:11]} a4 {[%emt 0:00:00]} 11. Nc1 {[%emt 0:
00:01]} a3 {[%emt 0:00:02]} 12. b3 {[%emt 0:00:13]} Be6 {[%emt 0:00:08]} 13.
Bf3 {[%emt 0:00:00]} Qa5 {[%emt 0:00:10]} 14. N1e2 {[%emt 0:00:06]} Rac8 {
[%emt 0:00:10]} 15. h3 {[%emt 0:00:00]} Rfd8 {[%emt 0:00:02]} 16. Rfd1 {
[%emt 0:00:02]} h6 {[%emt 0:00:03]} 17. Rac1 {[%emt 0:00:00]} Bf8 {[%emt 0:00:
25]} 18. Nb1 {[%emt 0:00:37]} Qxd2 {[%emt 0:00:11]} 19. Rxd2 {[%emt 0:00:00]}
d5 {[%emt 0:00:04]} 20. exd5 {[%emt 0:00:34]} Nxd5 {[%emt 0:00:09]} 21. Bxd5 {
[%emt 0:00:10]} Rxd5 {[%emt 0:00:12]} 22. Rxd5 {[%emt 0:00:08]} Bxd5 {[%emt 0:
00:00]} 23. c4 {[%emt 0:00:00]} Be6 {[%emt 0:00:04]} 24. c5 {[%emt 0:00:09]}
Nb4 {[%emt 0:00:07]} 25. Nxa3 {[%emt 0:00:26]} Nxa2 {[%emt 0:00:00]} 26. Rc2 {
[%emt 0:00:02]} Bxb3 {[%emt 0:00:08]} 27. Rb2 {[%emt 0:00:01]} Bd5 {[%emt 0:00:
03]} 28. Rd2 {[%emt 0:00:14]} Be6 {[%emt 0:00:05]} 29. Rb2 {[%emt 0:00:08]} Bd5
{[%emt 0:00:15]} 30. Rd2 {[%emt 0:00:04]} Nb4 {[%emt 0:00:08]} 31. Nc3 {
[%emt 0:00:01]} Be6 {[%emt 0:00:07]} 32. Rb2 {[%emt 0:00:03]} Bxc5 {[%emt 0:00:
14]} 33. Bxc5 {[%emt 0:00:02]} Rxc5 {[%emt 0:00:00]} 34. Ne4 {[%emt 0:00:00]}
Rc1+ {[%emt 0:00:17]} 35. Kh2 {[%emt 0:00:00]} Nd3 {[%emt 0:00:17]} 36. Rxb7 {
[%emt 0:00:05]} Bd5 {[%emt 0:00:02]} 37. Rb8+ {[%emt 0:00:05]} Kh7 {[%emt 0:00:
00]} 38. Ng3 {[%emt 0:00:08]} Nxf2 {[%emt 0:00:07]} 39. Rd8 {[%emt 0:00:00]}
Be6 {[%emt 0:00:09]} 40. Nb5 {[%emt 0:00:01]} f5 {[%emt 0:00:09]} 41. Ne2 {
[%emt 0:00:04]} Re1 {[%emt 0:00:05]} 42. Nbc3 {[%emt 0:00:05]} Bc4 {[%emt 0:00:
01]} 43. Rd2 {[%emt 0:00:07]} f4 {[%emt 0:00:03]} 44. Ng1 {[%emt 0:00:00]} Ne4
{[%emt 0:00:02]} 45. Nxe4 {[%emt 0:00:02]} Rxe4 {[%emt 0:00:04]} 46. Nf3 {
[%emt 0:00:00]} Re3 {[%emt 0:00:02]} 47. Kg1 {[%emt 0:00:04]} e4 {[%emt 0:00:
02]} 48. Nh4 {[%emt 0:00:01]} Rd3 {[%emt 0:00:08]} 49. Rxd3 {[%emt 0:00:06]}
Bxd3 {[%emt 0:00:01]} 50. Kf2 {[%emt 0:00:00]} g5 {[%emt 0:00:03]} 51. Nf5 {
[%emt 0:00:01]} e3+ {[%emt 0:00:00]} 52. Nxe3 {[%emt 0:00:04]} fxe3+ {[%emt 0:
00:03]} 53. Kxe3 {[%emt 0:00:00]} Bf1 {[%emt 0:00:01]} 54. Kf2 {[%emt 0:00:00]}
Bb5 {[%emt 0:00:00]} 55. g3 {[%emt 0:00:03]} Kg6 {[%emt 0:00:00]} 56. Kf3 {
[%emt 0:00:02]} Kf5 {[%emt 0:00:00]} 57. g4+ {[%emt 0:00:04]} Ke5 {[%emt 0:00:
01]} 58. Kg3 {[%emt 0:00:02]} Ke4 {[%emt 0:00:02]} 59. h4 {[%emt 0:00:00]} Ke3
{[%emt 0:00:02]} 60. hxg5 {[%emt 0:00:00]} hxg5 {[%emt 0:00:01]} 0-1

[Event "RUS-ch Blitz 2021"]
[Site "Sochi"]
[Date "2021.10.11"]
[Round "7.1"]
[White "Antipov, Mikhail Al."]
[Black "Timofeev, Artyom"]
[Result "0-1"]
[WhiteElo "2619"]
[BlackElo "2586"]
[Annotator "ChessBase"]
[PlyCount "96"]
[EventDate "2021.10.11"]
[EventType "blitz"]
[EventCountry "RUS"]
[SourceTitle "playchess.com"]
[Source "ChessBase"]
[SourceQuality "1"]
[TimeControl "180+2"]

1. e4 {[%emt 0:00:00]} c5 {[%emt 0:00:00]} 2. Nf3 {[%emt 0:00:00]} Nc6 {
[%emt 0:00:06]} 3. Nc3 {[%emt 0:00:04]} e5 {[%emt 0:00:00]} 4. Bc4 {[%emt 0:00:
00]} d6 {[%emt 0:00:09]} 5. d3 {[%emt 0:00:03]} Be7 {[%emt 0:00:00]} 6. a4 {
[%emt 0:00:00]} Nf6 {[%emt 0:00:00]} 7. Bg5 {[%emt 0:00:00]} O-O {[%emt 0:00:
16]} 8. Bxf6 {[%emt 0:00:02]} Bxf6 {[%emt 0:00:00]} 9. Nd5 {[%emt 0:00:00]} Be6
{[%emt 0:00:03]} 10. c3 {[%emt 0:00:02]} Rb8 {[%emt 0:00:09]} 11. Qd2 {[%emt 0:
00:25]} Bxd5 {[%emt 0:00:05]} 12. Bxd5 {[%emt 0:00:02]} Ne7 {[%emt 0:00:00]}
13. Bb3 {[%emt 0:00:21]} d5 {[%emt 0:00:01]} 14. exd5 {[%emt 0:00:08]} Nxd5 {
[%emt 0:00:02]} 15. O-O {[%emt 0:00:04]} Qd6 {[%emt 0:00:23]} 16. Rad1 {
[%emt 0:00:34]} Rbd8 {[%emt 0:00:00]} 17. Rfe1 {[%emt 0:00:07]} Nf4 {[%emt 0:
00:02]} 18. Bc4 {[%emt 0:00:06]} Qc6 {[%emt 0:00:14]} 19. Re4 {[%emt 0:00:10]}
a6 {[%emt 0:00:09]} 20. a5 {[%emt 0:00:14]} Qc7 {[%emt 0:00:20]} 21. g3 {
[%emt 0:00:05]} Nd5 {[%emt 0:00:03]} 22. Ra1 {[%emt 0:00:00]} Ne7 {[%emt 0:00:
04]} 23. Qc2 {[%emt 0:00:04]} Nc6 {[%emt 0:00:03]} 24. Qa4 {[%emt 0:00:02]} Rd7
{[%emt 0:00:03]} 25. Nd2 {[%emt 0:00:00]} g6 {[%emt 0:00:06]} 26. Re2 {[%emt 0:
00:17]} Kg7 {[%emt 0:00:05]} 27. h4 {[%emt 0:00:26]} Bd8 {[%emt 0:00:08]} 28.
Nb3 {[%emt 0:00:08]} Be7 {[%emt 0:00:00]} 29. h5 {[%emt 0:00:07]} gxh5 {
[%emt 0:00:04]} 30. Kg2 {[%emt 0:00:00]} Qd6 {[%emt 0:00:03]} 31. Nd2 {[%emt 0:
00:16]} Qg6 {[%emt 0:00:05]} 32. Rh1 {[%emt 0:00:00]} h4 {[%emt 0:00:05]} 33.
Nf3 {[%emt 0:00:00]} hxg3 {[%emt 0:00:02]} 34. fxg3 {[%emt 0:00:10]} Kh8 {
[%emt 0:00:30]} 35. Nxe5 {[%emt 0:00:12]} Nxe5 {[%emt 0:00:09]} 36. Rxe5 {
[%emt 0:00:00]} Rg8 {[%emt 0:00:02]} 37. Rh3 {[%emt 0:00:00]} Bd6 {[%emt 0:00:
17]} 38. Reh5 {[%emt 0:00:02]} Re7 {[%emt 0:00:01]} 39. Rxh7+ {[%emt 0:00:06]}
Qxh7 {[%emt 0:00:00]} 40. Rxh7+ {[%emt 0:00:03]} Kxh7 {[%emt 0:00:00]} 41. Bd5
{[%emt 0:00:00]} Rxg3+ {[%emt 0:00:03]} 42. Kf2 {[%emt 0:00:00]} Rg5 {[%emt 0:
00:10]} 43. Qh4+ {[%emt 0:00:00]} Kg6 {[%emt 0:00:01]} 44. Qc4 {[%emt 0:00:07]}
Rf5+ {[%emt 0:00:07]} 45. Kg2 {[%emt 0:00:00]} Re2+ {[%emt 0:00:01]} 46. Kh3 {
[%emt 0:00:05]} Rh2+ {[%emt 0:00:00]} 47. Kg4 {[%emt 0:00:00]} Rf4+ {[%emt 0:
00:00]} 48. Qxf4 {[%emt 0:00:01]} Bxf4 {[%emt 0:00:02]} 0-1